| 000 | 01006nam a2200265Ia 4500 | ||
|---|---|---|---|
| 003 | OSt | ||
| 005 | 20221002050339.0 | ||
| 006 | a|||||r|||| 00| 0 | ||
| 007 | ta | ||
| 008 | 220930b |||||||| |||| 00| 0 hin d | ||
| 020 |
_a9789381582145 (hbk) _cINR 995.00 |
||
| 024 | _a38025 | ||
| 037 |
_b64, 13/03/2018, P. K. Books _cReference Collections |
||
| 040 |
_aCRL _cCRL _bhin |
||
| 041 |
_2hin _ahin |
||
| 082 | _aO152,4M80k, Q7(RR) | ||
| 100 | _aगोयनका, कमल किशोर, संपा. | ||
| 245 | 0 |
_aप्रेमचंद _b पत्र कोश |
|
| 260 |
_aनई _bदिल्ली स्वराज प्रकाशन _c2017 |
||
| 300 |
_a528पृ0 _ccm. |
||
| 650 | _a हिन्दी साहित्य | ||
| 650 | _aहिन्दी पत्र | ||
| 942 |
_hO152,4M80k, Q7(RR) _cref _2CC |
||
| 999 |
_c914393 _d914393 |
||